00913nam a2200253 a 450000100060000000300080000600500170001400800390003102000150007003500190008504000320010404100080013608200240014410000360016824500750020425000130027926000530029230000390034550400660038465000270045070000220047785600860049985600740058517407BD-RjUL20211209000131.0140217s1996 maua b 001 0 eng a0750622679 a(BD-RjUL)17465 aDLCcDLCdDLCdBD-RjULbeng aeng00a720.9220bFLS 19961 aFletcher, Banister,d1866-1953.00aSir Banister Fletcher's a history of architecture /cBanister Fletcher a20th ed. aOxford ;aBoston :bArchitectural Press,cc1996. axxxviii, 1794 p. :bill. ;c26 cm. aIncludes bibliographical references (p. 1671-1712) and index. 0aArchitecturexHistory.1 aCruickshank, Dan.423Publisher descriptionuhttp://www.loc.gov/catdir/description/els032/96035511.html413Table of contentsuhttp://www.loc.gov/catdir/toc/els032/96035511.html